[Event "Championnat de France - Accéssion"]
[Site "PAU"]
[Date "2012.08.14"]
[Round "1.1"]
[White "Le Roux, Jean-Pierre"]
[Black "Hamdouchi, Adina-Maria"]
[Result "1-0"]
[WhiteElo "2558"]
[BlackElo "2256"]
[PlyCount "101"]

1. d4 Nf6 2. Nf3 g6 3. c4 Bg7 4. g3 O-O 5. Bg2 d5 6. cxd5 Nxd5 7. O-O Nc6 8.
Nc3 Nb6 9. e3 Re8 10. d5 Na5 11. Nd4 Bd7 12. Qc2 c5 13. Nb3 Nxb3 14. axb3 Qc8
15. e4 e6 16. Be3 Bd4 17. Qd2 Bxe3 18. fxe3 Qd8 19. Qf2 Rf8 20. Qf4 exd5 21.
exd5 f5 22. d6 Bc6 23. Bxc6 bxc6 24. e4 Qf6 25. exf5 Qd4+ 26. Qxd4 cxd4 27. Ne4
gxf5 28. Nc5 Rf6 29. d7 Rd6 30. Rxf5 Nxd7 31. Nd3 Re6 32. b4 Re3 33. Rd1 Rae8
34. Rg5+ Kh8 35. Ra5 Nf6 36. Rxa7 Ng4 37. Nf4 Rb3 38. Rd2 Rxb4 39. Kg2 c5 40.
Kh3 Ne3 41. Rc7 Re5 42. g4 Rb3 43. Rd3 Rb8 44. Ra3 Re4 45. Nh5 Nd5 46. Rxc5
Re3+ 47. Rxe3 Nxe3 48. Rc7 Rf8 49. Rd7 Nc2 50. g5 h6 51. Nf6 1-0

[Event "Championnat de France - Accéssion"]
[Site "PAU"]
[Date "2012.08.14"]
[Round "1.2"]
[White "Kirk, Ezra"]
[Black "Apicella, Manuel"]
[Result "0-1"]
[WhiteElo "2252"]
[BlackElo "2540"]
[PlyCount "70"]

1. d4 e6 2. c4 Nf6 3. Nc3 Bb4 4. e3 O-O 5. Bd3 c5 6. Nf3 d6 7. O-O Qe7 8. Qc2
Nbd7 9. Ne2 e5 10. Ng3 Re8 11. Nf5 Qf8 12. dxe5 Nxe5 13. b3 Bxf5 14. Bxf5 g6
15. Bd3 Nxf3+ 16. gxf3 Qh6 17. Bb2 Qh4 18. Rad1 Re6 19. Kh1 Rae8 20. Rg1 Kf8
21. Rg3 Ba5 22. Bf1 Nh5 23. Rh3 Qe7 24. Ba1 f5 25. f4 Qd7 26. Qb2 Ke7 27. Bg2
Kd8 28. Bd5 R6e7 29. Bf3 Rg8 30. Bxh5 gxh5 31. Rxh5 Qe8 32. Rxd6+ Kc7 33. Qf6
Rxe3 34. Rxh7+ Kb8 35. Rd8+ Bxd8 0-1

[Event "Championnat de France - Accéssion"]
[Site "PAU"]
[Date "2012.08.14"]
[Round "1.3"]
[White "Gozzoli, Yannick"]
[Black "Valles, Manuel"]
[Result "1-0"]
[WhiteElo "2534"]
[BlackElo "2252"]
[PlyCount "88"]

1. d4 Nf6 2. c4 g6 3. Nc3 Bg7 4. e4 d6 5. Nf3 O-O 6. Be2 e5 7. O-O Na6 8. Re1
Qe8 9. Bg5 Bg4 10. dxe5 dxe5 11. Nd5 Qe6 12. Bxf6 Bxf3 13. Bxf3 Bxf6 14. Bg4
Qd6 15. Qb3 h5 16. Bh3 c6 17. Nxf6+ Qxf6 18. Rad1 Rfd8 19. g3 Qe7 20. Qe3 c5
21. a3 Rd4 22. Rxd4 cxd4 23. Qd2 Qc7 24. Bf1 Nc5 25. b4 Na4 26. f4 a5 27. f5
Qe7 28. c5 Kg7 29. Bc4 axb4 30. f6+ Qxf6 31. Rf1 Qxf1+ 32. Kxf1 bxa3 33. Qb4 a2
34. Bxa2 Nc3 35. Bd5 Ra1+ 36. Kg2 Rb1 37. Qa5 Rb2+ 38. Kf1 Rb1+ 39. Kf2 Rb2+
40. Ke1 Rb1+ 41. Kd2 Rb2+ 42. Kc1 Rxh2 43. Qc7 Kh6 44. Qxe5 Ne2+ 1-0

[Event "Championnat de France - Accéssion"]
[Site "PAU"]
[Date "2012.08.14"]
[Round "1.4"]
[White "Kambrath, Yannick"]
[Black "Prie, Eric"]
[Result "0-1"]
[WhiteElo "2246"]
[BlackElo "2516"]
[Annotator "Rivier,Sylvain"]
[PlyCount "40"]

1. d4 d5 2. c4 dxc4 3. e4 Nf6 4. e5 Nd5 5. Bxc4 Nb6 6. Bb3 Nc6 7. Ne2 Bf5 8.
Nbc3 e6 9. O-O Qd7 10. Be3 O-O-O 11. Rc1 Kb8 12. Na4 Na5 13. Nxb6 cxb6 14. Nc3
Nxb3 15. Qxb3 Be7 16. Rfd1 Rc8 17. f3 Rhd8 18. Ne4 Ka8 19. Nc3 g5 20. g4 Bg6 {
suite illisible} 0-1

[Event "Championnat de France - Accéssion"]
[Site "PAU"]
[Date "2012.08.14"]
[Round "1.5"]
[White "Bricard, Emmanuel"]
[Black "Manoeuvre, Antoine"]
[Result "1/2-1/2"]
[WhiteElo "2489"]
[BlackElo "2246"]
[PlyCount "107"]

1. g3 Nf6 2. Bg2 e5 3. c4 d5 4. cxd5 Nxd5 5. Nf3 Nc6 6. O-O Be7 7. d3 O-O 8. a3
Be6 9. b4 b5 10. Bb2 f6 11. Qc2 Qd6 12. Rc1 Nd8 13. d4 Nf7 14. Nbd2 a5 15. bxa5
Rxa5 16. e4 Nb6 17. d5 Bd7 18. Qxc7 Rfa8 19. Nb3 R5a7 20. Qc2 Nc4 21. Ne1 Qb6
22. Nd3 Nxb2 23. Nxb2 Bxa3 24. Rcb1 Nd6 25. Nd1 Rc8 26. Qe2 Ra4 27. h4 Rca8 28.
Kh2 Bb4 29. Bh3 Bxh3 30. Kxh3 Qa7 31. Kg2 Qf7 32. Qd3 Qg6 33. f3 f5 34. Nf2
fxe4 35. fxe4 Rf8 36. Rf1 Rfa8 37. Rfc1 Nc4 38. Qf3 Ra2 39. Rxa2 Rxa2 40. Ra1
Rxa1 41. Nxa1 Bc5 42. Nb3 Bxf2 43. Kxf2 Qa6 44. Kg2 Qa7 45. Kh2 Nd6 46. h5 Qa2+
47. Kh3 Qc2 48. Qg4 Qxe4 49. Qe6+ Kh8 50. Qxd6 Qh1+ 51. Kg4 Qe4+ 52. Kh3 Qh1+
53. Kg4 Qe4+ 54. Kh3 1/2-1/2

[Event "Championnat de France - Accéssion"]
[Site "PAU"]
[Date "2012.08.14"]
[Round "1.6"]
[White "Daurelle, Herve"]
[Black "Libiszewski, Fabien"]
[Result "0-1"]
[WhiteElo "2239"]
[BlackElo "2488"]
[PlyCount "118"]

1. e4 c5 2. Nf3 Nc6 3. Nc3 g6 4. d4 cxd4 5. Nxd4 Bg7 6. Be3 Nf6 7. Bc4 Qa5 8.
O-O O-O 9. Bb3 d6 10. h3 Bd7 11. Re1 Rfc8 12. Nf3 Be8 13. a3 Nd7 14. Bd2 Qd8
15. Qc1 Na5 16. Ba2 Nc4 17. Bh6 Nde5 18. Nxe5 Bxe5 19. Nd1 b5 20. c3 a5 21. Ne3
Rab8 22. f4 Bg7 23. Bxg7 Kxg7 24. Bxc4 bxc4 25. Re2 Bc6 26. Qc2 Qb6 27. Kh2 Qb7
28. Ng4 h5 29. Nf2 e5 30. Qd2 Qe7 31. Rd1 Rd8 32. Qe3 exf4 33. Qxf4 Qe5 34.
Qxe5+ dxe5 35. Red2 Rxd2 36. Rxd2 Kf8 37. g4 hxg4 38. Nxg4 Rb5 39. a4 Rc5 40.
Rd8+ Ke7 41. Rc8 Kd7 42. Rf8 Ke6 43. Nh6 Bxe4 44. Rxf7 Rd5 45. Rf2 Bf5 46. Ng4
Rd3 47. Kg2 Kd5 48. Re2 Bxg4 49. hxg4 e4 50. Kf2 Ke5 51. Ke1 Rg3 52. Rd2 Re3+
53. Kf1 Rd3 54. Rh2 Kf4 55. Rh8 Rd2 56. g5 Rxb2 57. Rc8 Ra2 58. Rxc4 Kf3 59.
Ke1 e3 0-1

[Event "Championnat de France - Accéssion"]
[Site "PAU"]
[Date "2012.08.14"]
[Round "1.7"]
[White "Wirig, Anthony"]
[Black "Lamard, Guillaume"]
[Result "1-0"]
[WhiteElo "2450"]
[BlackElo "2234"]
[PlyCount "71"]

1. c4 Nf6 2. Nf3 e6 3. Nc3 Bb4 4. g4 d5 5. g5 Ne4 6. Rg1 O-O 7. Qc2 Nxc3 8.
dxc3 Bd6 9. e4 Nc6 10. Be3 dxc4 11. Bxc4 Na5 12. Be2 e5 13. b4 Nc6 14. h4 Be6
15. h5 Ne7 16. Rd1 Qe8 17. Rg3 a6 18. a3 b5 19. g6 hxg6 20. Ng5 Qc8 21. Nxe6
Qxe6 22. c4 c6 23. hxg6 Nxg6 24. Bg4 Qe7 25. c5 Bb8 26. Bd7 Nf4 27. Bxc6 Ra7
28. Bd5 Rc7 29. Qc3 Qf6 30. Bxf4 Qxf4 31. Ke2 Qf6 32. Rdg1 Rd8 33. Rg6 Qf4 34.
Rxg7+ Kf8 35. Rg8+ Ke7 36. Rxd8 1-0

[Event "Championnat de France - Accéssion"]
[Site "PAU"]
[Date "2012.08.14"]
[Round "1.8"]
[White "Wunderman, Xavier"]
[Black "Lazarev, Vladimir"]
[Result "0-1"]
[WhiteElo "2231"]
[BlackElo "2442"]
[PlyCount "84"]

1. e4 c5 2. Nc3 e6 3. g3 Nc6 4. Bg2 g6 5. d3 Bg7 6. Be3 d6 7. Qd2 Qa5 8. Nge2
Nd4 9. Nf4 Bd7 10. O-O Rc8 11. Kh1 Ne7 12. a3 b5 13. Rad1 Qc7 14. Nb1 O-O 15.
c3 e5 16. Ne2 Nxe2 17. Qxe2 Nc6 18. Nd2 a5 19. f4 exf4 20. Bxf4 f5 21. d4 cxd4
22. Qxb5 Kh8 23. Qd5 Be5 24. cxd4 Nxd4 25. Rc1 Bc6 26. Bxe5+ dxe5 27. Qc5 a4
28. Rf2 Qg7 29. Qa5 f4 30. gxf4 exf4 31. Rc3 g5 32. h3 Rb8 33. Nc4 Rb5 34. Qa6
Ra8 35. Qxa8+ Bxa8 36. Nd6 Rb8 37. Rd2 f3 38. Bf1 Rf8 39. Rcd3 Ne6 40. Rf2 g4
41. Re3 Qd4 42. Nc4 g3 0-1

[Event "Championnat de France - Accéssion"]
[Site "PAU"]
[Date "2012.08.14"]
[Round "1.9"]
[White "Bailet, Pierre"]
[Black "Giua, Frederic"]
[Result "1-0"]
[WhiteElo "2423"]
[BlackElo "2229"]
[PlyCount "51"]

1. e4 c5 2. Nf3 d6 3. d4 cxd4 4. Nxd4 Nf6 5. Bd3 a6 6. c4 e6 7. O-O Be7 8. Nc3
Nbd7 9. Be3 Qc7 10. Rc1 b6 11. f3 Bb7 12. Qe2 Rc8 13. Nd5 exd5 14. cxd5 Nc5 15.
b4 O-O 16. bxc5 dxc5 17. Nf5 b5 18. Bf4 Qd7 19. Qf2 c4 20. Qg3 Bc5+ 21. Kh1 Ne8
22. Bb1 Kh8 23. d6 g6 24. Ne7 Nxd6 25. Qh4 g5 26. Bxg5 1-0

[Event "Championnat de France - Accéssion"]
[Site "PAU"]
[Date "2012.08.14"]
[Round "1.10"]
[White "Bruneau, Laurent"]
[Black "Collas, Didier"]
[Result "0-1"]
[WhiteElo "2227"]
[BlackElo "2423"]
[PlyCount "68"]

1. e4 c5 2. c3 Nf6 3. e5 Nd5 4. d4 cxd4 5. Bc4 Qc7 6. Qe2 Nb6 7. Bd3 Nc6 8. Nf3
d6 9. exd6 Qxd6 10. Nxd4 Nxd4 11. cxd4 Bd7 12. Nc3 e6 13. O-O Bc6 14. Be4 Be7
15. Bxc6+ Qxc6 16. d5 Nxd5 17. Nxd5 Qxd5 18. Rd1 Qa5 19. Bd2 Bb4 20. Be3 O-O
21. a3 Be7 22. Bd4 Rfd8 23. Qf3 Qd5 24. Qg4 Qg5 25. Qf3 Qb5 26. Qg3 Bf8 27. Bc3
Qb3 28. Qf3 h6 29. h3 b5 30. Qg4 a5 31. Rac1 b4 32. axb4 axb4 33. Rxd8 Rxd8 34.
Bf6 h5 0-1

[Event "Championnat de France - Accéssion"]
[Site "PAU"]
[Date "2012.08.15"]
[Round "2.1"]
[White "Midoux, Sebastien"]
[Black "Le Roux, Jean-Pierre"]
[Result "0-1"]
[WhiteElo "2324"]
[BlackElo "2558"]
[PlyCount "46"]

1. e4 c6 2. d4 d5 3. e5 Bf5 4. Nf3 e6 5. Be2 Nd7 6. O-O Bg6 7. Nbd2 Nh6 8. Re1
Nf5 9. h3 Rc8 10. c3 Be7 11. Nf1 O-O 12. Bf4 c5 13. dxc5 Nxc5 14. g4 Nh4 15.
Nd4 Qb6 16. Nb3 Ne4 17. Be3 Qc7 18. f3 Nc5 19. Nxc5 Bxc5 20. Bd4 f6 21. exf6
Rxf6 22. b4 Bxd4+ 23. cxd4 Bc2 0-1

[Event "Championnat de France - Accéssion"]
[Site "PAU"]
[Date "2012.08.15"]
[Round "2.2"]
[White "Apicella, Manuel"]
[Black "Joie, Sebastien"]
[Result "1-0"]
[WhiteElo "2540"]
[BlackElo "2286"]
[PlyCount "57"]

1. c4 e6 2. Nf3 d5 3. b3 Be7 4. Bb2 Bf6 5. Nc3 Ne7 6. d4 c5 7. e3 cxd4 8. exd4
O-O 9. Bd3 Nbc6 10. Ne2 dxc4 11. bxc4 b6 12. O-O Bb7 13. Qd2 Ng6 14. Rfd1 Na5
15. Qe3 Rc8 16. Rac1 Ba6 17. Ne5 Qc7 18. Ng4 Bxc4 19. Nxf6+ gxf6 20. d5 exd5
21. Qh6 Qd6 22. Ng3 Qf4 23. Qh3 Qh4 24. Nh5 Qxh3 25. Nxf6+ Kh8 26. gxh3 Rfd8
27. Nxd5+ Kg8 28. Bxc4 Rxc4 29. Nf6+ 1-0

[Event "Championnat de France - Accéssion"]
[Site "PAU"]
[Date "2012.08.15"]
[Round "2.3"]
[White "Favarel, Antoine"]
[Black "Gozzoli, Yannick"]
[Result "1/2-1/2"]
[WhiteElo "2283"]
[BlackElo "2534"]
[PlyCount "84"]

1. d4 Nf6 2. c4 g6 3. g3 Bg7 4. Bg2 c5 5. d5 O-O 6. Nc3 d6 7. Nf3 e6 8. O-O
exd5 9. cxd5 Re8 10. Nd2 a6 11. a4 Nbd7 12. h3 Rb8 13. Nc4 Ne5 14. Na3 Nh5 15.
e4 Bd7 16. a5 b5 17. axb6 Bb5 18. Naxb5 axb5 19. Nxb5 Qxb6 20. Na3 Qb3 21. g4
Nf6 22. Bf4 Qxb2 23. Bxe5 Qxe5 24. Nc4 Qf4 25. Qc1 Qxc1 26. Raxc1 Nxe4 27. Bxe4
Rxe4 28. Nxd6 Rd4 29. Rxc5 Bf8 30. Rc8 Rxc8 31. Nxc8 Rxd5 32. Nb6 Rd2 33. Nc4
Ra2 34. Rd1 Bc5 35. Rd2 Rxd2 36. Nxd2 Kg7 37. Kg2 Bb4 38. Nc4 Bc5 39. Nd2 Bb4
40. Ne4 Bc5 41. Nd2 Bb4 42. Nc4 Bc5 1/2-1/2

[Event "Championnat de France - Accéssion"]
[Site "PAU"]
[Date "2012.08.15"]
[Round "2.4"]
[White "Prie, Eric"]
[Black "Favarel, Julien"]
[Result "0-1"]
[WhiteElo "2516"]
[BlackElo "2270"]
[Annotator "Rivier,Sylvain"]
[PlyCount "64"]

1. d4 Nf6 2. Bf4 g6 3. e3 Bg7 4. Nf3 O-O 5. Be2 d6 6. O-O c5 7. c3 Qb6 8. Nbd2
Be6 9. Ng5 Bd7 10. Nc4 Qc7 11. h3 b6 12. Re1 Bc6 13. Bf1 Nbd7 14. Bh2 Qb7 15.
a4 a6 16. Nd2 Bh6 17. Ngf3 Ne4 18. Nxe4 Bxe4 19. Nd2 Bc6 20. Nc4 d5 21. Nd2 e5
22. Nf3 e4 23. Nd2 Rfe8 24. Rc1 b5 25. Nb3 bxa4 26. Nxc5 Nxc5 27. dxc5 Qb3 28.
Bc7 Qxd1 29. Rexd1 Rec8 30. Bb6 Bf8 31. c4 dxc4 32. Bxc4 Bb5 {suite illisible}
0-1

[Event "Championnat de France - Accéssion"]
[Site "PAU"]
[Date "2012.08.15"]
[Round "2.5"]
[White "Libiszewski, Fabien"]
[Black "Brethes, Francois"]
[Result "1-0"]
[WhiteElo "2488"]
[BlackElo "2262"]
[PlyCount "83"]

1. Nf3 d5 2. c4 dxc4 3. e3 e6 4. Bxc4 Nf6 5. O-O c5 6. Qe2 Nc6 7. Rd1 Be7 8.
Nc3 O-O 9. d4 cxd4 10. Nxd4 Nxd4 11. exd4 Qc7 12. Bg5 a6 13. Rac1 Ng4 14. Qxg4
Bxg5 15. Qxg5 Qxc4 16. Ne4 Qb5 17. Qxb5 axb5 18. a3 Ra6 19. Rc7 Rc6 20. Rc1 Bd7
21. R1xc6 Bxc6 22. Nd6 b4 23. axb4 g6 24. b5 Bd5 25. h4 h6 26. f3 Kg7 27. Kf2
b6 28. Ke3 g5 29. h5 g4 30. Nc8 gxf3 31. gxf3 Bb3 32. Rc3 Bd1 33. Nd6 f5 34.
Rc7+ Kf6 35. Kf4 Bb3 36. Rh7 Bd5 37. b3 Bxb3 38. Rxh6+ Ke7 39. Ke5 f4 40. Rh7+
Kd8 41. h6 Bc2 42. Rb7 1-0

[Event "Championnat de France - Accéssion"]
[Site "PAU"]
[Date "2012.08.15"]
[Round "2.6"]
[White "Saucey, Michel"]
[Black "Wirig, Anthony"]
[Result "1/2-1/2"]
[WhiteElo "2273"]
[BlackElo "2450"]
[PlyCount "98"]

1. d4 Nf6 2. c4 e6 3. Nf3 b6 4. e3 Bb7 5. Bd3 Bb4+ 6. Nbd2 O-O 7. a3 Bxd2+ 8.
Qxd2 a5 9. b3 d6 10. Bb2 Nbd7 11. O-O Re8 12. Rad1 Qe7 13. Rfe1 Be4 14. Bf1 h6
15. Qc3 c5 16. Nd2 Bc6 17. e4 cxd4 18. Qxd4 e5 19. Qe3 Rab8 20. a4 Nc5 21. f3
Nh5 22. Nb1 Red8 23. Na3 Bd7 24. Nb5 Be6 25. Rd2 Rd7 26. Red1 Rbd8 27. g3 Nf6
28. Kg2 Ne8 29. f4 f6 30. f5 Bf7 31. g4 Nc7 32. Nxc7 Rxc7 33. Ba3 Rcd7 34. Be2
Kf8 35. h4 Ke8 36. Rg1 Rc7 37. Rgd1 Rcd7 38. Bb2 Ra8 39. Kf2 Kd8 40. Rg1 Kc7
41. Bd1 g5 42. h5 Kd8 43. Bc2 Ke8 44. Rgd1 Raa7 45. Kg1 Qd8 46. Kh2 Ke7 47. Kg1
Ke8 48. Kh2 Ke7 49. Kg1 Ke8 1/2-1/2

[Event "Championnat de France - Accéssion"]
[Site "PAU"]
[Date "2012.08.15"]
[Round "2.7"]
[White "Lazarev, Vladimir"]
[Black "Camus, Berenger"]
[Result "0-1"]
[WhiteElo "2442"]
[BlackElo "2212"]
[PlyCount "68"]

1. c4 b6 2. d4 Bb7 3. Nc3 e6 4. a3 f5 5. d5 Nf6 6. g3 Na6 7. Bg2 Nc5 8. Nh3 Bd6
9. O-O Be5 10. Qc2 O-O 11. Bd2 Qe7 12. Rad1 a5 13. b4 axb4 14. axb4 Nce4 15.
Nxe4 fxe4 16. dxe6 Qxe6 17. Ng5 Qg4 18. Be3 h6 19. f3 Qh5 20. Nh3 exf3 21. exf3
Rfe8 22. Bf4 Ra3 23. Bxe5 Qxe5 24. Rc1 Qe3+ 25. Kh1 Qd3 26. Nf4 Qxc2 27. Rxc2
Ree3 28. c5 g5 29. cxb6 cxb6 30. Ne2 Ba6 31. Re1 Rxe2 32. Rcxe2 Bxe2 33. f4
gxf4 34. gxf4 Bf3 0-1

[Event "Championnat de France - Accéssion"]
[Site "PAU"]
[Date "2012.08.15"]
[Round "2.8"]
[White "Pietrasanta, Jeremy"]
[Black "Bailet, Pierre"]
[Result "0-1"]
[WhiteElo "2272"]
[BlackElo "2423"]
[PlyCount "86"]

1. c4 Nf6 2. g3 g6 3. Bg2 Bg7 4. Nc3 O-O 5. d3 c6 6. Nf3 d5 7. cxd5 cxd5 8. Bg5
d4 9. Bxf6 exf6 10. Nb1 Qb6 11. b3 Nc6 12. O-O Be6 13. Na3 Qa6 14. Nc2 f5 15.
Ng5 Bd7 16. Nh3 Bh6 17. Nf4 Qa5 18. e3 dxe3 19. fxe3 Rac8 20. d4 Nb4 21. Nxb4
Qxb4 22. Re1 Rfe8 23. a3 Qb6 24. a4 Qb4 25. Nd5 Qb6 26. Qd3 Bg7 27. Rad1 Bc6
28. Nf4 Be4 29. Bxe4 Rxe4 30. Rc1 Rce8 31. Kg2 h5 32. h4 Qb4 33. Nd5 Qa5 34.
Nc3 Rg4 35. Rf1 Bh6 36. Rf3 Rc8 37. Qb5 Qd8 38. Kf2 Rxd4 39. Ne2 Rxc1 40. exd4
Rc2 41. d5 Qe7 42. d6 Qxd6 43. Rd3 Qe7 0-1

[Event "Championnat de France - Accéssion"]
[Site "PAU"]
[Date "2012.08.15"]
[Round "2.9"]
[White "Collas, Didier"]
[Black "Remille, Tristan"]
[Result "1-0"]
[WhiteElo "2423"]
[BlackElo "2208"]
[PlyCount "89"]

1. c4 Nf6 2. Nc3 d5 3. cxd5 Nxd5 4. Nf3 Nxc3 5. bxc3 g6 6. Qa4+ Qd7 7. Qd4 Qxd4
8. cxd4 Bg7 9. Ba3 O-O 10. e3 Re8 11. Rc1 c6 12. Bc4 a5 13. Ng5 e6 14. Ne4 Rd8
15. Be7 Re8 16. Bh4 b5 17. Nd6 Rf8 18. Nxc8 Rxc8 19. Bxb5 Na6 20. Bxa6 Rxa6 21.
Be7 Rb8 22. Ke2 Rb2 23. a3 Bf8 24. Bxf8 Kxf8 25. Rc4 Ke7 26. Rhc1 Kd6 27. g4
Ra2 28. Ra4 Rb2 29. h4 Rb5 30. Rac4 h6 31. Rc5 Rb3 32. a4 Ra3 33. R5c4 Rb6 34.
f4 f5 35. h5 gxh5 36. gxf5 exf5 37. Rh1 Rb2 38. Rxh5 Raa2 39. Rxf5 Rxd2+ 40.
Kf3 Rh2 41. Rf6+ Ke7 42. Rfxc6 Rh3+ 43. Ke4 Ra3 44. Rc3 Rxa4 45. Ke5 1-0

[Event "Championnat de France - Accéssion"]
[Site "PAU"]
[Date "2012.08.15"]
[Round "2.10"]
[White "Battaglini, Gabriel"]
[Black "Naudion, Gregoire"]
[Result "0-1"]
[WhiteElo "2398"]
[BlackElo "2175"]
[PlyCount "68"]

1. Nf3 Nf6 2. d4 g6 3. c4 Bg7 4. Nc3 O-O 5. e4 d6 6. Be2 e5 7. O-O Nc6 8. d5
Ne7 9. Ne1 Nd7 10. Be3 f5 11. f3 f4 12. Bf2 a5 13. Nd3 g5 14. Rc1 Nf6 15. c5
Rf7 16. cxd6 cxd6 17. Nb5 Ng6 18. Na7 Bd7 19. Qb3 g4 20. Qb6 Qf8 21. Rc7 g3 22.
hxg3 fxg3 23. Bxg3 Bh6 24. Rxb7 Nh5 25. Bh2 Ngf4 26. Nxf4 Bxf4 27. Bxf4 Nxf4
28. Bb5 Qg7 29. g4 Nh3+ 30. Kg2 Bxb5 31. Rb8+ Rxb8 32. Qxb8+ Rf8 33. Qxb5 Nf4+
34. Kg3 Qxa7 0-1

[Event "Championnat de France - Accéssion"]
[Site "PAU"]
[Date "2012.08.16"]
[Round "3.1"]
[White "Le Roux, Jean-Pierre"]
[Black "Lefebvre, Herve"]
[Result "1-0"]
[WhiteElo "2558"]
[BlackElo "2258"]
[PlyCount "55"]

1. c4 Nf6 2. Nc3 d5 3. cxd5 Nxd5 4. g3 g6 5. Bg2 Nb6 6. d3 Bg7 7. Be3 O-O 8.
Qd2 c6 9. Nf3 Bg4 10. O-O Nd5 11. Bg5 f6 12. Be3 Nxe3 13. Qxe3 e5 14. Nd2 Nd7
15. a4 a5 16. Rab1 Be6 17. b4 axb4 18. Rxb4 Qa5 19. Rfb1 c5 20. Nc4 Qxb4 21.
Rxb4 cxb4 22. Bd5 Bxd5 23. Nxd5 Rxa4 24. d4 Rfa8 25. Qb3 Kh8 26. Nc7 Ra1+ 27.
Kg2 Rc8 28. Nd6 1-0

[Event "Championnat de France - Accéssion"]
[Site "PAU"]
[Date "2012.08.16"]
[Round "3.2"]
[White "Crut, Aurelien"]
[Black "Apicella, Manuel"]
[Result "1/2-1/2"]
[WhiteElo "2336"]
[BlackElo "2540"]
[PlyCount "84"]

1. e4 e6 2. d4 d5 3. Nc3 Bb4 4. exd5 exd5 5. Bd3 Nc6 6. a3 Ba5 7. Be3 Bb6 8.
Qh5 Bxd4 9. Bxd4 Nxd4 10. Qxd5 Qe7+ 11. Ne4 Ne6 12. O-O-O a6 13. Nf3 Nf6 14.
Nxf6+ Qxf6 15. Rhe1 O-O 16. Qe5 Qxe5 17. Nxe5 Nc5 18. Bc4 Be6 19. Bxe6 Nxe6 20.
Rd7 Rad8 21. Red1 Rxd7 22. Rxd7 f6 23. Nd3 Rf7 24. Rxf7 Kxf7 25. Kd2 Ke7 26.
Ke3 Kd6 27. Ke4 g6 28. f4 f5+ 29. Ke3 c5 30. Ne5 b5 31. c4 bxc4 32. Nxc4+ Kd5
33. Nb6+ Kc6 34. Nc4 Kb5 35. Nd2 c4 36. g3 Kc5 37. Nb1 Nd4 38. Nc3 Nb3 39. Na4+
Kb5 40. Nc3+ Kc5 41. Na4+ Kb5 42. Nc3+ Kc5 1/2-1/2

[Event "Championnat de France - Accéssion"]
[Site "PAU"]
[Date "2012.08.16"]
[Round "3.3"]
[White "Favarel, Julien"]
[Black "Libiszewski, Fabien"]
[Result "0-1"]
[WhiteElo "2270"]
[BlackElo "2488"]
[PlyCount "76"]

1. d4 Nf6 2. c4 g6 3. Nc3 Bg7 4. e4 d6 5. Nf3 O-O 6. Be2 e5 7. O-O Nbd7 8. Be3
Qe7 9. Qc2 c6 10. Rfe1 h6 11. dxe5 dxe5 12. h3 Nc5 13. b4 Ne6 14. c5 Nh5 15.
Rad1 Nhf4 16. Bf1 Qf6 17. Nh2 a5 18. b5 Nd4 19. Qc1 Be6 20. Kh1 Rad8 21. Bxd4
Rxd4 22. Rxd4 exd4 23. e5 Qe7 24. Na4 g5 25. Nf3 Rd8 26. bxc6 bxc6 27. Qd2 Bd5
28. Nxd4 Bxe5 29. Qe3 Qd7 30. Nb6 Bxd4 31. Nxd7 Bxe3 32. fxe3 Nxg2 33. Nf6+ Kg7
34. Nh5+ Kg6 35. Bxg2 Bxg2+ 36. Kxg2 Rd2+ 37. Kf3 Kxh5 38. Ke4 Rd5 0-1

[Event "Championnat de France - Accéssion"]
[Site "PAU"]
[Date "2012.08.16"]
[Round "3.4"]
[White "Bailet, Pierre"]
[Black "Preux, Paul-Olivier"]
[Result "1-0"]
[WhiteElo "2423"]
[BlackElo "2225"]
[PlyCount "113"]

1. Nf3 Nf6 2. c4 e6 3. Nc3 d5 4. d4 Bb4 5. Bg5 h6 6. Bxf6 Qxf6 7. e3 O-O 8. Rc1
Rd8 9. Qb3 Bxc3+ 10. Qxc3 c6 11. Bd3 Nd7 12. O-O dxc4 13. Bxc4 b6 14. Bd3 Bb7
15. Be4 Qe7 16. Qb3 Rdc8 17. Qa4 Qd6 18. Nd2 Rc7 19. Rfd1 a5 20. Nc4 Qb4 21.
Qc2 Ba6 22. a3 Qxc4 23. Qxc4 Bxc4 24. Rxc4 Rac8 25. Rdc1 c5 26. dxc5 Rxc5 27.
Rxc5 Rxc5 28. Rxc5 Nxc5 29. Bc2 Kf8 30. Kf1 Ke7 31. Ke2 Kd6 32. Kd2 Nd7 33. Kc3
Kc5 34. f4 Nf6 35. e4 Ng4 36. b4+ axb4+ 37. axb4+ Kc6 38. Ba4+ Kc7 39. h3 Nf6
40. Kd4 Nd7 41. e5 Nf8 42. g3 Kd8 43. Kc4 Ng6 44. Bc6 Ne7 45. Kb5 Kc7 46. Be4
f6 47. exf6 gxf6 48. g4 Nd5 49. Bxd5 exd5 50. Ka4 Kd6 51. Kb3 Ke6 52. Kc3 f5
53. Kd4 fxg4 54. hxg4 Kd6 55. b5 Ke6 56. f5+ Kd6 57. f6 1-0

[Event "Championnat de France - Accéssion"]
[Site "PAU"]
[Date "2012.08.16"]
[Round "3.5"]
[White "Camus, Berenger"]
[Black "Collas, Didier"]
[Result "1/2-1/2"]
[WhiteElo "2212"]
[BlackElo "2423"]
[PlyCount "108"]

1. Nf3 Nf6 2. g3 c5 3. Bg2 Nc6 4. d4 d5 5. O-O a6 6. dxc5 e5 7. c4 d4 8. e3
Bxc5 9. exd4 exd4 10. Re1+ Be7 11. b4 O-O 12. a3 Be6 13. Nbd2 Qd7 14. Bb2 Rfd8
15. Rc1 d3 16. Ng5 Bf5 17. Qa4 Re8 18. Nge4 Nxe4 19. Bxe4 Bg5 20. f4 Bf6 21.
Bxf6 gxf6 22. Bxc6 bxc6 23. Qa5 Qd4+ 24. Kg2 Re2+ 25. Rxe2 dxe2 26. b5 cxb5 27.
cxb5 Qd5+ 28. Kf2 axb5 29. Qc3 Rd8 30. Nf3 Bg4 31. Re1 Bxf3 32. Qxf3 Qxf3+ 33.
Kxf3 Rd3+ 34. Kxe2 Rxa3 35. Rb1 Ra2+ 36. Kf3 Rxh2 37. Rxb5 h5 38. Ra5 Kg7 39.
Rb5 Kg6 40. Ra5 f5 41. Ra6+ f6 42. Rb6 Ra2 43. Rb3 Rh2 44. Rb8 h4 45. gxh4 Rh3+
46. Kg2 Rxh4 47. Kg3 Rh1 48. Ra8 Rb1 49. Ra5 Rb3+ 50. Kf2 Kh5 51. Rxf5+ Kg4 52.
Rxf6 Rf3+ 53. Ke2 Rxf4 54. Rxf4+ Kxf4 1/2-1/2

[Event "Championnat de France - Accéssion"]
[Site "PAU"]
[Date "2012.08.16"]
[Round "3.6"]
[White "Naudion, Gregoire"]
[Black "Loiseau, Quentin"]
[Result "0-1"]
[WhiteElo "2175"]
[BlackElo "2361"]
[PlyCount "66"]

1. e4 e6 2. d4 d5 3. Nd2 Nf6 4. e5 Nfd7 5. Bd3 c5 6. c3 Nc6 7. Ngf3 Be7 8. O-O
g5 9. dxc5 g4 10. Nd4 Ndxe5 11. N2b3 Nxd3 12. Qxd3 e5 13. Nxc6 bxc6 14. Re1 f6
15. Bh6 Kf7 16. Rad1 a5 17. c4 a4 18. cxd5 cxd5 19. Nd2 Be6 20. f4 Bxc5+ 21.
Kh1 e4 22. Nxe4 dxe4 23. Qxe4 Qc8 24. Rc1 Ra5 25. b4 axb3 26. axb3 Bf5 27. Qc4+
Kg6 28. b4 Ra4 29. Qd5 Rd8 30. Qxc5 Qxc5 31. Rxc5 Rxb4 32. h4 gxh3 33. Rg1 Be4
0-1

[Event "Championnat de France - Accéssion"]
[Site "PAU"]
[Date "2012.08.16"]
[Round "3.7"]
[White "Gozzoli, Yannick"]
[Black "Grimberg, Gilbert"]
[Result "1/2-1/2"]
[WhiteElo "2534"]
[BlackElo "2295"]
[PlyCount "98"]

1. e4 c5 2. Nf3 d6 3. d4 cxd4 4. Nxd4 Nf6 5. Nc3 Nc6 6. Bg5 Bd7 7. Qd2 Rc8 8.
O-O-O Nxd4 9. Qxd4 Qa5 10. f4 Rxc3 11. bxc3 e5 12. Qb4 Qxb4 13. cxb4 Nxe4 14.
Rd5 Nxg5 15. fxg5 Be7 16. h4 h6 17. g6 fxg6 18. Bd3 O-O 19. Ra5 a6 20. Be4 Rf4
21. Bxb7 Rxb4 22. Bd5+ Kh7 23. Rxa6 Bxh4 24. c4 Bf2 25. a3 Rb8 26. Be4 Bf5 27.
Bxf5 gxf5 28. Rxd6 Bc5 29. Ra6 Bd4 30. Rh3 Rc8 31. Rb3 Rxc4+ 32. Kd2 e4 33. Re6
Bf6 34. Rb5 Bg5+ 35. Kd1 Rc1+ 36. Ke2 Rc2+ 37. Kd1 Rd2+ 38. Ke1 Rxg2 39. Rxf5
Ra2 40. Rxe4 Rxa3 41. Re6 Re3+ 42. Rxe3 Bxe3 43. Rf7 Bd4 44. Kf1 Bc3 45. Kg2
Bd4 46. Kf1 Bc3 47. Kg2 Bd4 48. Kf1 Bc3 49. Kg2 Bd4 1/2-1/2

[Event "Championnat de France - Accéssion"]
[Site "PAU"]
[Date "2012.08.16"]
[Round "3.8"]
[White "Wirig, Anthony"]
[Black "Favarel, Antoine"]
[Result "1/2-1/2"]
[WhiteElo "2450"]
[BlackElo "2283"]
[PlyCount "80"]

1. d4 Nf6 2. Nf3 d5 3. g3 Bg4 4. Ne5 Bf5 5. c4 c6 6. Qb3 Qb6 7. Nc3 e6 8. c5
Qxb3 9. axb3 Nbd7 10. Nxd7 Nxd7 11. b4 e5 12. dxe5 Nxe5 13. Bg2 Be7 14. Bf4 Bf6
15. O-O O-O 16. b5 g5 17. Bc1 Nd7 18. bxc6 bxc6 19. e4 Bxc3 20. bxc3 Bxe4 21.
Bxg5 Bxg2 22. Kxg2 a5 23. Rfb1 Rfc8 24. Be7 Ne5 25. Rb7 a4 26. Bd6 Nc4 27. Bf4
Re8 28. Rb6 Re6 29. h4 h5 30. Kf3 a3 31. Ra2 Ra5 32. Rb8+ Kg7 33. Be3 Rb5 34.
Bd4+ f6 35. Ra8 Rb3 36. Kf4 Kg6 37. Rg8+ Kf7 38. Ra8 Kg6 39. Rg8+ Kf7 40. Ra8
Kg6 1/2-1/2